| 000 | 00535nam a2200181 i 4500 | ||
|---|---|---|---|
| 001 | 146646 | ||
| 003 | ES-MaACL | ||
| 005 | 20230906201621.0 | ||
| 007 | t| | ||
| 008 | 070913s1955 sp ||||1| spa d | ||
| 100 | 1 |
_aToynbee, Arnold Joseph. _9111194 |
|
| 245 | 1 | 3 |
_aLa Europa de Hitler / _c[traducción directa del inglés por Pablo Uriarte]. |
| 250 | _a[1ª ed.]. | ||
| 260 |
_aBarcelona : _bA.H.R., _c[1955] |
||
| 300 |
_a2 t. : _bil. ; _c21 cm. |
||
| 700 | 1 |
_aUriarte, Pablo. _9112151 |
|
| 852 |
_aES-MaACL _jC-10366-7 _bR.38252 |
||
| 999 |
_c146646 _d146646 |
||